000 00488nam a22001817a 4500
005 20251108165034.0
008 250721s1967 xx 000 0 ara d
082 1 4 _a928/هاش
100 1 _aالساعدي، نعمه هادي
245 1 0 _aالكعبي شاعر الثأر /
264 1 _aالنجف :
_bمطبعة الآداب،
_c1967.
300 _a54ص
650 1 7 _aالتراجم
650 1 7 _aالشعراء
650 1 7 _aالعراق
942 _2ddc
_cBK
999 _c20606
_d20606